Every Phoenix Suns AllStar - Statistics

General Stats
  • This quiz has been taken 5 times
  • The average score is 11 of 26
Answer Stats
Year/Years Number of AllStars Player % Correct
1992,1993,1994,1995 4x Charles Barkley
100%
2019,2020,2021,2023 4x Devin Booker
100%
2022,2023,2024 3x Kevin Durant
100%
1989,1990,1993 3x Kevin Johnson
100%
2004,2005,2006,2007,2009,2011 6x Steve Nash
100%
2004,2006,2007,2008,2009 5x Amar'e Stoudamire
80%
2002,2004,2005,2006 4x Shawn Marion
80%
2020,2021 2x Chris Paul
60%
1991,1994 2x Dan Majerle
60%
1977,1978,1979,1980,1986 5x Walter Davis
60%
1997,1999,2000 3x Jason Kidd
40%
1984 1x Larry Nance
40%
1976,1977,1978,1979 4x Paul Westphal
40%
1988,1989,1990 3x Tom Chambers
40%
1968,1969,1970 3x Dick Van Arsdale
20%
1968 1x Gail Goodrich
20%
2008 1x Shaquille O'Neal
20%
2002 1x Stephon Marbury
20%
1980 1x Truck Robinson
20%
1975 1x Alvan Adams
0%
1972,1973,1974 3x Charlie Scott
0%
1969,1970,1971,1972 4x Connie Hawkins
0%
1980,1981 2x Dennis Johnson
0%
1991 1x Jeff Hornacek
0%
1982 1x Maurice Lucas
0%
1971 1x Paul Silas
0%
No matching quizzes found
Score Distribution
Percent of People with Each Score
Percentile by Number Answered
Your Score History
You have not taken this quiz